000 00693nam a22002297a 4500
003 OSt
005 20240530110418.0
008 150309s2004 xxu g 000 0 eng d
020 _a1860649637
035 _a(OCoLC)54833478
040 _aEG-CaGPL
_cEG-CaGPL
082 0 4 _221
_a956\
_bH M
245 0 4 _aThe modern Middle East :
_ba reader /
_cedited by Albert Hourani, Philip Khoury, and Mary C. Wilson.
250 _a2nd ed.
260 _aLondon :
_bI.B. Tauris,
_c2004.
300 _axi, 680 p. ؛
_c24 sm
651 0 _2Middle East
_xHistory
_y20th century.
700 1 _aHourani, Albert Habib.
700 1 _aWilson, Mary Christina,
700 1 _aKhoury, Philip Shukry,
942 _2ddc
_cBK
999 _c60596
_d60596